000 00625nam a22001937a 4500
005 20140304162322.0
010 _aENG-108748
020 _c495.00
_a9788192426570
035 _aEN-92281
037 _bDBAD/PUB
082 _a309.154
100 _aMadhu Kumari
245 _aChanging society in new era /
_cby Madhu Kumari
260 _aNew Delhi
_bGaurav Book Distributors
_c2012
270 _aH No. 45,Ground floor, Shivaji Marg, Gali No. 5, Kartar Nagar
_bDelhi
_e110053
300 _aviii,168p.
_c22cm(Hb)
500 _aIncludes bibliographical references and lndex
942 _2ddc
_cEN
_mMAD
_h309.154
999 _c81082
_d81082